Emblems of the World #4 - Statistics

General Stats
  • This quiz has been taken 10 times
  • The average score is 9 of 16
Answer Stats
Picture Answer % Correct
Australia
90%
Argentina
80%
Singapore
80%
Dominican Republic
70%
Lebanon (Unofficial)
70%
Peru
70%
United Arab Emirates
70%
Uzbekistan
60%
Chile
50%
Jordan
50%
Nepal
50%
Belarus
40%
Canada
40%
Romania
30%
Cuba
10%
South Africa
10%
No matching quizzes found
Score Distribution
Percent of People with Each Score
Percentile by Number Answered
Your Score History
You have not taken this quiz